Management of public relations and Communication (Record no. 2774)

MARC details
000 -LEADER
fixed length control field 00439nam a22001697a 4500
005 - DATE AND TIME OF LATEST TRANSACTION
control field 20160615124618.0
008 - FIXED-LENGTH DATA ELEMENTS--GENERAL INFORMATION
fixed length control field 160615b xxu||||| |||| 00| 0 eng d
020 ## - INTERNATIONAL STANDARD BOOK NUMBER
ISBN 81-259-1846-9
041 ## - LANGUAGE CODE
Language code of text/sound track or separate title eng
082 ## - DEWEY DECIMAL CLASSIFICATION NUMBER
Item number 7758
100 ## - MAIN ENTRY--AUTHOR NAME
Personal name Sengupta, Sailesh
245 ## - TITLE STATEMENT
Title Management of public relations and Communication
260 ## - PUBLICATION, DISTRIBUTION, ETC. (IMPRINT)
Place of publication New Delhi
Name of publisher Vikas Publishing House (P) Ltd.
300 ## - PHYSICAL DESCRIPTION
Number of Pages 440
650 ## - SUBJECT ADDED ENTRY--TOPICAL TERM
Topical Term 245.00
942 ## - ADDED ENTRY ELEMENTS (KOHA)
Koha item type Books

No items available.